Proceedings /

Guardado en:
Autor Corporativo: Structure in Complexity Theory Conference Georgetown University)
Formato: Libro
Idioma:English
Publicado: Washington, D.C. : IEEE Computer Society Press, c1988.
Acceso en línea:IEEE Xplore
Etiquetas: Agregar Etiqueta
Sin Etiquetas, Sea el primero en etiquetar este registro!
LEADER 00938nam a22001935a 4500
001 MAT.inmabb004336
008 070303s1988####dcu######b####101#0#eng#d
005 20170508163253.0
245 1 0 |a Proceedings /  |c Structure in Complexity Theory, third Annual Conference, June 14-17, 1988, Georgetown University, Washington, D.C. 
260 |a Washington, D.C. :  |b IEEE Computer Society Press,  |c c1988. 
300 |a viii, 303 p. ;  |c 28 cm. 
500 |a "Sponsored by: Computer Society Technical Committee on Mathematical Foundations of Computer Science." 
504 |a Incluye referencias bibliográficas e índice de autores. 
020 |a 0818608668 
111 2 |a Structure in Complexity Theory Conference  |n (3ª :  |d 1988 :  |c Georgetown University) 
246 3 |a Structure in complexity theory 
084 |a 68Qxx (68-06)  |2 msc2000 
856 4 |u http://ieeexplore.ieee.org/xpl/RecentCon.jsp?punumber=209  |y IEEE Xplore 
859 |h 68  |i St927-3  |p A-6586  |b BIB. MATEMATICA